000 00699nam a2200229Ia 4500
008 191130s2006##################000#0#eng##
020 _a9780582505841
022 _a2005044980
040 _aACL
_cACL
082 _a791.43658 ROS
100 _aRosenstone, Robert A
245 _aHistory on film/film on history
_cRobert A. Rosenstone
250 _a1st ed
260 _aHarlow, Essex
_bLongman/Pearson
_c2006
300 _axii, 182 p. ; 23 cm
500 _aIncludes bibliographical references and index
650 _aHistorical films - History and criticism
650 _aMotion pictures and history
990 _ad44baec3ac10000c4c2bd214f4f64a46
991 _a365374
999 _c205569
_d205569